| 000 | 01500nam a2200409Ii 4500 | ||
|---|---|---|---|
| 001 | DIGARCOL0391 | ||
| 003 | NyNyDIG | ||
| 006 | m o d | ||
| 007 | cr ||||||||||| | ||
| 008 | 250204s2024 sp ob 000 0 spa d | ||
| 035 | _a(OCoLC)1500527973 | ||
| 040 |
_aDGITA _beng _erda _epn _cDGITA |
||
| 020 | _z9788471339522 | ||
| 050 | 1 | 4 | _aHD8039.S4 ebook |
| 100 | 1 |
_aMorera, Marcial, _eauthor. |
|
| 245 | 1 | 0 |
_aTalasonimia de los marineros canarios : _b(gentes de mar / gentes de tierra) / _cMarcial Morera. |
| 264 | 1 |
_aMadrid : _bArco Libros, S. L., _c[2024] |
|
| 300 | _a1 online resource. | ||
| 336 |
_atext _btxt _2rdacontent |
||
| 337 |
_acomputer _bc _2rdamedia |
||
| 338 |
_aonline resource _bcr _2rdacarrier |
||
| 347 |
_atext file _2rdaft |
||
| 347 | _bPDF | ||
| 490 | 1 | _aColección Bibliotheca philologica | |
| 504 | _aIncludes bibliographical references. | ||
| 588 | 0 | _aOnline resource; title from PDF title page (Digitalia, viewed February 4, 2025) | |
| 650 | 0 | _aSailors. | |
| 650 | 0 | _aFishers. | |
| 650 | 0 | _aMarine accidents. | |
| 791 | 2 |
_aDigitalia (Firm), _edistributor. |
|
| 793 | 0 |
_gDigitalia eBook Collection: _aArco/Libros |
|
| 776 | 0 | 8 |
_iPrint version: _aMorera, Marcial. _tTalasonimia de los marineros canarios. _dMadrid : Arco Libros, S. L., [2024] _z9788471339522 |
| 830 | 0 | _aColección Bibliotheca philologica. | |
| 856 | 4 | 0 |
_3Digitalia Hispánica _uhttps://www.digitaliapublishing.com/a/170541/ |
| 910 | _aPremium collection: 2025 | ||
| 942 | _cRAA | ||
| 999 |
_c290473 _d290473 |
||